| 000 | 01120nam a2200349 a 4500 | ||
|---|---|---|---|
| 001 | 22965 | ||
| 003 | SK-KTurca | ||
| 005 | 20260513082302.0 | ||
| 008 | 250414s1992 xo 0 slo | ||
| 015 | _aSNBA1992/11 | ||
| 020 | _a8071180653 | ||
| 035 | _aSNK000012380 | ||
| 035 | _aurn:nbn:sk:snk-amlkii | ||
| 035 | _aurn:nbn:sk:snk-am00bna0 | ||
| 035 | _aBDABFA8F-8F96-4100-863A-FFBF8DAEFD7B | ||
| 040 |
_aSNK _bslo _cSNK _eAACR2 |
||
| 041 | 0 | _aslo | |
| 044 |
_axo _cSK |
||
| 080 |
_a633.88+615.322(035) _21981 |
||
| 080 |
_a615.322(035) _21981 |
||
| 100 | 1 |
_aGeiger, Fritz _4aut |
|
| 245 | 1 | 0 |
_aBylinný receptár _bDôverujte liečivým silám prírody _cFritz Geiger ; Elena Linzbothová |
| 250 | _a1. vyd. | ||
| 260 |
_aBratislava _bIkar _c1992 _eBanská Bystrica _fTlačiarne BB |
||
| 300 |
_a103 s., 12,1 AH _bTab. Obr. _c29 cm |
||
| 366 | _e64 Kčs. | ||
| 500 | _aLit. 11. Slov.-tal. názvy rastlín. Reg. chorôb. 11 zázn. v nem. | ||
| 700 | 1 |
_aLinzbothová, Elena, _d1939- _4trl |
|
| 942 |
_2ddc _cOLDO _n0 |
||
| 999 |
_c22965 _d22965 |
||